000 01207nkm a22002057a 4500
001 85868
005 20260430134722.0
007 kh bo
008 260430s1900 sp ||||| |||| |0| i|spa d
040 _aM-RABA
_bspa
_cM-RABA
245 0 1 _a[Pintura española S.XVII
_b: Heráclito de Éfeso]
_h[Material gráfico]
260 _c[ca.1900]
300 _a1 fotografía
_b: reproducción fotomecánica
_c, imagen 22 x 29 cm
500 0 0 _aFotografía de una pintura que representa al filósofo Heráclito de Éfeso del pintor Luca Giordano.
500 0 0 _aLa fotografía se encuentra en un estado de conservación regular debido seguramente a un mal almacenamiento. Presenta varias dobleces que se marcan a lo largo de todo el perímetro de la imagen y un desgarro en la esquina inferior izquierda que se encuentra sin consolidar. También presenta un pequeño agujero en la parte central superior lo que indica que fue colgada con un objeto punzante.
655 7 _aFotografías de obras de arte
_975675
852 _jFot-845
856 _uhttps://archivoybiblioteca.realacademiabellasartessanfernando.com/cgi-bin/koha/opac-retrieve-file.pl?id=d372f720f5e2a5a0a470e3e4284ac440
_yFot-845
942 _cFOTOGRAFÍA
_n0
999 _c85868
_d85868